[Event "ONJK 2017 D"]
[Site "Borne"]
[Date "2017.08.11"]
[Round "10.2"]
[White "Heskes, Lise"]
[Black "Tiggelman, Vincent"]
[Result "1-0"]
[WhiteElo "1310"]
[BlackElo "1091"]
[PlyCount "95"]
[EventDate "2017.08.??"]

1. d4 c6 2. Bf4 d5 3. e3 Nf6 4. c4 e6 5. Nc3 Nbd7 6. Bd3 Bb4 7. a3 Ba5 8. h3
O-O 9. Nf3 Re8 10. Qc2 Bc7 11. Bxc7 Qxc7 12. Ng5 Nf8 13. O-O e5 14. cxd5 cxd5
15. dxe5 Qxe5 16. Nf3 Qh5 17. Ne2 Bxh3 18. Nf4 Qh6 19. Nxh3 Ne6 20. Qd1 Rad8
21. Qa4 a6 22. Rac1 Re7 23. Qh4 Qxh4 24. Nxh4 g5 25. Nf5 Red7 26. Kh1 g4 27.
Ng1 Kh8 28. Ne2 Nh5 29. Rfd1 Nhg7 30. Nxg7 Kxg7 31. Bb1 h5 32. Nd4 Rh8 33. Bf5
Kf6 34. Bxe6 fxe6 35. Ne2 h4 36. Nf4 h3 37. gxh3 Rdh7 38. Kg2 gxh3+ 39. Kh2 e5
40. Nxd5+ Kf5 41. e4+ Kg4 42. Nf6+ Kf3 43. Nxh7 Rxh7 44. Rc3+ Kxf2 45. Rxh3 Rg7
46. Rd2+ Kf1 47. b4 Rg4 48. Re3 1-0

[Event "ONJK 2017 D"]
[Site "Borne"]
[Date "2017.08.11"]
[Round "10.3"]
[White "Adema, Wessel"]
[Black "Slagboom, Leandro"]
[Result "1-0"]
[WhiteElo "1138"]
[BlackElo "1308"]
[PlyCount "81"]
[EventDate "2017.08.??"]

1. d4 Nf6 2. c4 g6 3. Nc3 Bg7 4. e4 d6 5. Nf3 O-O 6. Be2 e5 7. Bg5 Nc6 8. d5
Ne7 9. O-O Ne8 10. Nd2 f5 11. f3 f4 12. Bh4 h6 13. Bf2 g5 14. h4 Nf6 15. a4 Ng6
16. Qe1 Ne8 17. hxg5 hxg5 18. Kh2 Kf7 19. Rh1 Nf6 20. Qd1 Bd7 21. g4 Qe7 22.
Kg1 Rh8 23. Qb3 b6 24. Kg2 Rh6 25. Rxh6 Bxh6 26. Rh1 Rh8 27. Qd1 Rh7 28. b3 Qf8
29. Rh2 Qc8 30. Nb5 a6 {Diagram #} 31. Nxd6+ cxd6 32. Bxb6 Nh4+ 33. Kf2 Qb7 34.
a5 Be8 35. Qc2 Nd7 36. c5 dxc5 37. Bxc5 Qc7 38. b4 Bf8 39. Nb3 Rh6 40. Qc4 Kg7
41. Bxf8+ 1-0

[Event "ONJK 2017 D"]
[Site "Borne"]
[Date "2017.08.11"]
[Round "10.4"]
[White "Honkoop, Stella"]
[Black "De Rycke, Tyani"]
[Result "0-1"]
[WhiteElo "1402"]
[BlackElo "1603"]
[PlyCount "80"]
[EventDate "2017.08.??"]

1. e4 c5 2. Nf3 e6 3. d4 cxd4 4. Nxd4 Nf6 5. Nc3 Nc6 6. Nxc6 bxc6 7. Bd3 Bb4 8.
Bd2 d5 9. exd5 Nxd5 10. Nxd5 Bxd2+ 11. Qxd2 cxd5 12. O-O O-O 13. Rad1 Qb6 14.
b3 Ba6 15. Rfe1 Rfc8 16. h3 Bxd3 17. Qxd3 Qa5 18. a4 Qc3 19. Re2 Qxd3 20. Rxd3
Rc6 21. Red2 h6 22. Re2 Rac8 23. Rdd2 Kf8 24. g3 Ke7 25. Kg2 Rc3 26. Kf1 Kd6
27. Ke1 e5 28. Kd1 g5 29. Re3 f5 30. Rxc3 Rxc3 31. Rd3 Rxd3+ 32. cxd3 Kc5 33.
Kd2 d4 34. f3 Kb4 35. Kc2 Ka3 36. h4 a5 37. g4 f4 38. h5 Ka2 39. Kd2 Kxb3 40.
Kc1 Kxa4 0-1

[Event "ONJK 2017 D"]
[Site "Borne"]
[Date "2017.08.11"]
[Round "10.5"]
[White "De Vries, Fabian"]
[Black "Muntean, Felix"]
[Result "1/2-1/2"]
[WhiteElo "1454"]
[BlackElo "1335"]
[PlyCount "158"]
[EventDate "2017.08.??"]

1. f4 Nc6 2. d4 d5 3. Nf3 Bf5 4. c3 Nf6 5. e3 e6 6. Bd3 Bg4 7. O-O Bd6 8. Nbd2
O-O 9. h3 Bh5 10. g4 Bg6 11. Bxg6 fxg6 12. Ne5 Bxe5 13. fxe5 Ne4 14. Nxe4 dxe4
15. Bd2 Qh4 16. Kg2 Rxf1 17. Qxf1 Rf8 18. Qe1 Qg5 19. Qe2 Qh4 20. Rf1 Rxf1 21.
Qxf1 Qd8 22. Qf4 Qd5 23. b3 Qa5 24. a4 Qb6 25. b4 Ne7 26. Qxe4 Qa6 27. Qc2 Qe2+
28. Kg3 Nd5 29. Qc1 h5 30. Qe1 Qd3 31. a5 b6 32. axb6 axb6 33. Kf2 hxg4 34.
hxg4 b5 35. Qe2 Qc2 36. Be1 Qxe2+ 37. Kxe2 Kf7 38. Bg3 Nxc3+ 39. Kd3 Nd5 40.
Be1 Ke7 41. e4 Nf4+ 42. Kd2 Ng2 43. Bg3 c6 44. Ke2 g5 45. Kf3 Nh4+ 46. Bxh4
gxh4 47. g5 g6 48. Kg4 Kf7 49. Kxh4 Kg7 50. Kg4 Kf7 51. Kf4 Ke7 52. d5 exd5 53.
Ke3 Kd7 54. Kd3 dxe4+ 55. Kxe4 Ke6 56. Kd4 Kf5 57. Kc5 Kxe5 58. Kxc6 Kf5 59.
Kxb5 Kxg5 60. Kc4 Kf6 61. Kd5 Ke7 62. Kc6 Kd8 63. Kb7 Kd7 64. b5 g5 65. b6 g4
66. Ka8 g3 67. b7 g2 68. b8=Q g1=Q 69. Qb7+ Ke6 70. Qc6+ Ke7 71. Qc7+ Ke6 72.
Qc8+ Ke5 73. Qe8+ Kf4 74. Qf8+ Kg3 75. Qd6+ Kg2 76. Qg6+ Kh1 77. Qh5+ Qh2 78.
Qd1+ Qg1 79. Qxg1+ Kxg1 1/2-1/2

[Event "ONJK 2017 D"]
[Site "Borne"]
[Date "2017.08.11"]
[Round "10.6"]
[White "De Putter, Sven"]
[Black "D'Haenens, Leon"]
[Result "0-1"]
[WhiteElo "1228"]
[BlackElo "1407"]
[PlyCount "80"]
[EventDate "2017.08.??"]

1. e4 e6 2. d4 c5 3. Nf3 cxd4 4. Nxd4 a6 5. Nc3 Qc7 6. f4 d6 7. g3 Nf6 8. Bg2
Nbd7 9. O-O Be7 10. Be3 O-O 11. Qd2 Rb8 12. f5 e5 13. Nb3 b5 14. a3 Bb7 15. h4
Nb6 16. Bg5 Nc4 17. Qc1 h6 18. Bxf6 Bxf6 19. Nd2 Ne3 20. Rf3 Ng4 21. Bh3 Qb6+
22. Kh1 Nf2+ 23. Kg2 Nxh3 24. Kxh3 g6 25. g4 g5 26. h5 Rbc8 27. Rg3 Rc7 28. Nf3
Rfc8 29. Rg2 a5 30. Nh4 b4 31. Nd5 Bxd5 32. exd5 bxa3 33. Rxa3 Kg7 34. Rb3
Qxb3+ 35. cxb3 Rxc1 36. Nf3 R1c2 37. Rg3 Rxb2 38. Rg1 Rxb3 39. Ra1 Rxf3+ 40.
Kh2 Rc2+ 0-1

[Event "ONJK 2017 D"]
[Site "Borne"]
[Date "2017.11.08"]
[Round "10.8"]
[White "Zheng, Jimmy"]
[Black "Debunne, Tibe"]
[Result "0-1"]
[WhiteElo "1157"]
[BlackElo "1438"]
[PlyCount "86"]
[EventDate "2017.08.??"]

1. e4 e5 2. Nf3 Nc6 3. Bc4 Bc5 4. O-O Nf6 5. d3 h6 6. c3 O-O 7. Re1 d6 8. Nbd2
Ne7 9. Nf1 Bb6 10. d4 Ng6 11. h3 c6 12. Bb3 Bc7 13. Bc2 Re8 14. Ng3 d5 15. exd5
cxd5 16. Bxg6 fxg6 17. dxe5 Nd7 18. Qxd5+ Kh8 19. Qd4 Qe7 20. Qe4 g5 21. Nf5
Qe6 22. N5d4 Qe7 23. Nf5 Qe6 24. N3d4 Qxe5 25. Qxe5 Nxe5 26. f4 Bxf5 27. fxe5
Bg6 28. e6 Bb6 29. Be3 Re7 30. Re2 Bxd4 31. Bxd4 Bf5 32. Rae1 Rae8 33. g4 Rxe6
34. Rxe6 Rxe6 35. Rf1 Bd3 36. Rf7 Re1+ 37. Kg2 Re2+ 38. Kg3 Rxb2 39. Rxg7 b6
40. Rxg5+ Kh7 41. Rg7+ Kh8 42. Rxa7+ Kg8 43. Ra6 Bxa6 0-1

[Event "ONJK 2017 D"]
[Site "Borne"]
[Date "2017.11.08"]
[Round "10.9"]
[White "Den Heijer, Rolinde"]
[Black "Arnold, Lorin"]
[Result "0-1"]
[WhiteElo "1222"]
[BlackElo "1377"]
[PlyCount "62"]
[EventDate "2017.08.??"]

1. e4 c5 2. Nf3 Nc6 3. Bc4 e6 4. O-O Nge7 5. Nc3 d5 6. exd5 exd5 7. Bb5 g6 8.
h3 Bg7 9. d3 O-O 10. Bg5 f6 11. Bd2 b6 12. Re1 Bb7 13. Qe2 Re8 14. Qd1 Qc7 15.
Ne2 a6 16. Bxc6 Bxc6 17. Nf4 Nf5 18. Ne6 Qd6 19. Nxg7 Kxg7 20. Qc1 d4 21. Qd1
Rad8 22. Rf1 Qd5 23. b3 Nd6 24. Qc1 Re5 25. c4 dxc3 26. Bxc3 Rf5 27. Qd1 Nf7
28. Qe2 Re8 29. Qd1 Ng5 30. Nh4 Nxh3+ 31. gxh3 Qh1# 0-1

[Event "ONJK 2017 D"]
[Site "Borne"]
[Date "2017.11.08"]
[Round "10.10"]
[White "Velasco, Kathleen"]
[Black "Van der Noordaa, Niek"]
[Result "1-0"]
[WhiteElo "1232"]
[BlackElo "759"]
[PlyCount "21"]
[EventDate "2017.08.??"]

1. e4 c5 2. Nf3 Nc6 3. d4 b6 4. Be3 e6 5. Nc3 Nge7 6. dxc5 bxc5 7. Bxc5 d6 8.
Bxd6 Qb6 9. Rb1 Bb7 10. Bg3 g6 11. Nb5 {Zwart rokeerde hier - onreglementair -
lang maar de partij ging rustig verder met 12.Pd6+ Txd6 13.Lxd6 Pa5 14.Le5 Tg8
en wit won op zet 31. Notaties 100% identiek.} 1-0

[Event "ONJK 2017 D"]
[Site "Borne"]
[Date "2017.11.08"]
[Round "10.11"]
[White "Goudriaan, Rafael"]
[Black "Warnaar, Tim"]
[Result "1-0"]
[WhiteElo "1091"]
[BlackElo "1146"]
[PlyCount "91"]
[EventDate "2017.08.??"]

1. g4 d5 2. Bg2 Bxg4 3. c4 c6 4. Qb3 Qc7 5. cxd5 cxd5 6. Nc3 e6 7. Nf3 Nc6 8.
Nb5 Qb6 9. d4 a6 10. Nc3 Qxb3 11. axb3 Bxf3 12. Bxf3 Nxd4 13. Kd1 Nxf3 14. exf3
Nf6 15. Be3 Bd6 16. Na4 Bc7 17. Rc1 Ba5 18. Rg1 d4 19. Bf4 Nh5 20. Be5 f6 21.
Bd6 Rd8 22. Nc5 Rxd6 23. Nxb7 Rd8 24. Nxd8 Bxd8 25. Rg4 O-O 26. Rxd4 Bb6 27.
Rd6 Bxf2 28. Rxe6 Nf4 29. Rxa6 Rd8+ 30. Kc2 Nd3 31. Rf1 Nb4+ 32. Kc3 Nxa6 33.
Rxf2 Rc8+ 34. Kd4 Nc5 35. b4 Nb3+ 36. Kd5 Nc1 37. Rg2 Nd3 38. Rg4 Nxb2 39. b5
Nd1 40. Rb4 Nc3+ 41. Kd6 Rb8 42. b6 Na4 43. b7 {Diagram #} Rf8 44. Rxa4 Kf7 45.
Ra8 Rxa8 46. bxa8=Q {[SN]} 1-0

[Event "ONJK 2017 D"]
[Site "Borne"]
[Date "2017.11.08"]
[Round "10.12"]
[White "Westerhof, Jannes"]
[Black "Salomons, Matthijs"]
[Result "1/2-1/2"]
[WhiteElo "1085"]
[BlackElo "1120"]
[PlyCount "82"]
[EventDate "2017.08.??"]

1. e4 e6 2. d4 d5 3. e5 c5 4. Nf3 Nc6 5. Nc3 cxd4 6. Nxd4 Nxe5 7. Bf4 Nc6 8.
Bb5 Bd7 9. Nxc6 Bxc6 10. Bxc6+ bxc6 11. O-O Nf6 12. Re1 Bc5 13. Bg5 O-O 14. Qc1
d4 15. Ne4 Be7 16. Qf4 Nxe4 17. Bxe7 Qxe7 18. Qxe4 c5 19. f4 Rab8 20. b3 Rfe8
21. f5 Rbd8 22. Re2 Rd7 23. Rae1 Rd6 24. Qf3 Ra6 25. a4 Rd6 26. Re4 Red8 27.
Qe2 Qd7 28. fxe6 fxe6 29. Rxe6 Qxe6 30. Qxe6+ Rxe6 31. Rxe6 d3 32. cxd3 Rxd3
33. Rc6 Rc3 34. Rc8+ Kf7 35. Rc7+ Kf6 36. Rxa7 Rxb3 37. Rc7 Rc3 38. a5 c4 39.
a6 Ra3 40. a7 c3 41. Rxc3 Rxa7 1/2-1/2

[Event "ONJK 2017 D"]
[Site "Borne"]
[Date "2017.11.08"]
[Round "10.13"]
[White "Debunne, Lasse"]
[Black "Sannen, Jette"]
[Result "0-1"]
[WhiteElo "1184"]
[BlackElo "740"]
[PlyCount "32"]
[EventDate "2017.08.??"]

1. e4 c5 2. Nf3 d6 3. d4 cxd4 4. Nxd4 Nf6 5. Nc3 a6 6. a4 e6 7. Bd3 Be7 8. O-O
O-O 9. Nde2 Nc6 10. Ng3 Nd4 11. f4 d5 12. e5 Nd7 13. Bxh7+ Kxh7 14. Qxd4 Bc5
15. Qxc5 Nxc5 16. Be3 d4 0-1

[Event "ONJK 2017 D"]
[Site "Borne"]
[Date "2017.11.08"]
[Round "10.14"]
[White "Krohmer, Eric"]
[Black "Van der Noordaa, Joost"]
[Result "0-1"]
[WhiteElo "1055"]
[BlackElo "951"]
[PlyCount "90"]
[EventDate "2017.08.??"]

1. e4 c5 2. Nf3 Nc6 3. c3 g6 4. d4 cxd4 5. cxd4 Bg7 6. Nc3 e6 7. Bf4 Nge7 8.
Be2 a6 9. O-O O-O 10. h3 Qb6 11. Be3 Qxb2 12. Qd3 Qb4 13. Rab1 Qa5 14. Rfc1 b5
15. Qd2 Bb7 16. Qb2 Na7 17. Bd3 Rac8 18. Bd2 Qb6 19. Qb4 Nac6 20. Qd6 Bxd4 21.
Nxd4 Qxd4 22. Qxd4 Nxd4 23. Be3 Ndc6 24. Ne2 Rc7 25. Nd4 Nc8 26. Nb3 N8e7 27.
Nc5 Bc8 28. Bf4 e5 29. Bg3 d6 30. Nb3 Bd7 31. Na5 Rfc8 32. Nb3 Nb4 33. Rxc7
Rxc7 34. Be2 Nxa2 35. Bf1 Nc3 36. Rc1 b4 37. Kh1 Rb7 38. Bc4 Rc7 39. Bf1 Be6
40. Nd2 Rb7 41. Bxa6 Rb6 42. Bd3 Nc6 43. f3 Na5 44. Rc2 Na4 45. Ra2 Bxa2 0-1

[Event "ONJK 2017 D"]
[Site "Borne"]
[Date "2017.11.08"]
[Round "10.15"]
[White "Molanus, Florian"]
[Black "Molanus, Eva"]
[Result "1-0"]
[WhiteElo "1034"]
[BlackElo "892"]
[PlyCount "67"]
[EventDate "2017.08.??"]

1. d4 Nf6 2. Bf4 g6 3. h3 Bg7 4. e3 O-O 5. Bd3 d6 6. c3 Re8 7. Nf3 Nbd7 8. Qc2
e5 9. Bg5 d5 10. dxe5 Nxe5 11. Nxe5 Rxe5 12. Bf4 Re8 13. Nd2 Nh5 14. Bh2 Nf6
15. O-O-O c5 16. Nf3 c4 17. Be2 Bf5 18. Qd2 Qe7 19. g4 Ne4 20. Qe1 Be6 21. Nd2
Nxd2 22. Qxd2 f5 23. f3 Bh6 24. f4 g5 25. Rdg1 fxg4 26. hxg4 Qd7 27. f5 Bxf5
28. gxf5 g4 29. Be5 Bxe3 30. Rxg4+ Kf8 31. Qxe3 Qxf5 32. Rf4 Rxe5 33. Rxf5+
Rxf5 34. Rf1 1-0

[Event "ONJK 2017 D"]
[Site "Borne"]
[Date "2017.08.11"]
[Round "10.18"]
[White "Zandsteeg, Wouter"]
[Black "De Jong, Mats"]
[Result "0-1"]
[WhiteElo "785"]
[BlackElo "979"]
[PlyCount "96"]
[EventDate "2017.08.??"]

1. e4 e5 2. Nf3 Nc6 3. Bc4 Bc5 4. Nc3 d6 5. d3 Bg4 6. Bb5 Nge7 7. h3 Bh5 8. Bg5
O-O 9. Nd5 f6 10. Bh4 Nxd5 11. exd5 Nd4 12. g4 Bg6 13. c3 Nxb5 14. a4 c6 15. b4
Nxc3 16. Qb3 Bd4 17. dxc6+ Bf7 18. Qc2 Bd5 19. Nxd4 exd4 20. Rg1 Re8+ 21. Kf1
Rc8 22. cxb7 Bxb7 23. Qd2 Re2 24. Qf4 g5 25. Bxg5 fxg5 26. Qxd4 Qe7 27. Rg3
Nxa4 28. Qxa7 Bg2+ 29. Kxg2 Qxa7 30. Rf3 Rf8 31. Rxf8+ Kxf8 32. Rf1 Nb2 33. Kf3
Rd2 34. Ke4 Rd1 35. Rxd1 Nxd1 36. Kd5 Nxf2 37. Kxd6 Nxd3 38. Kd5 Nxb4+ 39. Ke5
Qe3+ 40. Kf5 Qxh3 41. Ke4 Qxg4+ 42. Ke5 h5 43. Kd6 Qf5 44. Kc7 Qe6 45. Kb8 Qd7
46. Ka8 h4 47. Kb8 Nc6+ 48. Ka8 Qa7# 0-1

[Event "ONJK 2017 D"]
[Site "Borne"]
[Date "2017.08.11"]
[Round "11.1"]
[White "D'Haenens, Leon"]
[Black "Casur, Jan"]
[Result "1/2-1/2"]
[WhiteElo "1407"]
[BlackElo "1526"]
[PlyCount "65"]
[EventDate "2017.08.??"]

1. c4 Nf6 2. Nc3 g6 3. g3 Bg7 4. Bg2 O-O 5. Nf3 d6 6. O-O e5 7. d3 Nbd7 8. Be3
Ng4 9. Bd2 h6 10. h3 Ngf6 11. e3 Ne8 12. d4 f5 13. Re1 e4 14. Nh2 Ndf6 15. f3
Qe7 16. Qc2 Nh5 17. g4 fxg4 18. fxg4 Ng3 19. Nxe4 Qf7 20. Nxg3 Qf2+ 21. Kh1
Qxg3 22. Rf1 Kh7 23. Rxf8 Bxf8 24. Be4 Nf6 25. Bxg6+ Kg7 26. Bf5 Qxh3 27. Bxc8
Rxc8 28. Qf5 Re8 29. Rf1 Be7 30. Qf3 Qxf3+ 31. Rxf3 Ne4 32. Be1 Bg5 33. Kg1
1/2-1/2

[Event "ONJK 2017 D"]
[Site "Borne"]
[Date "2017.08.11"]
[Round "11.2"]
[White "Adema, Wessel"]
[Black "Heskes, Lise"]
[Result "0-1"]
[WhiteElo "1138"]
[BlackElo "1310"]
[PlyCount "55"]
[EventDate "2017.08.??"]

1. d4 Nf6 2. c4 g6 3. Nc3 d5 4. Nf3 c6 5. e3 Bg7 6. Bd3 Nbd7 7. O-O Qc7 8. e4
dxe4 9. Nxe4 Nxe4 10. Bxe4 O-O 11. Be3 e5 12. d5 cxd5 13. cxd5 Qd6 14. Rc1 Re8
15. Qd3 f5 16. Bxf5 gxf5 17. Qxf5 Nf6 18. Qg5 Qxd5 19. Rfd1 Qe4 20. Rc7 Qg6 21.
Nxe5 Qxg5 22. Bxg5 Rxe5 23. Rd8+ Ne8 24. f4 Rf5 25. Rxe8+ Rf8 26. Ree7 Bd4+ 27.
Kf1 Bf5 28. Red7 0-1

[Event "ONJK 2017 D"]
[Site "Borne"]
[Date "2017.08.11"]
[Round "11.3"]
[White "De Rycke, Tyani"]
[Black "Tiggelman, Vincent"]
[Result "1-0"]
[WhiteElo "1603"]
[BlackElo "1091"]
[PlyCount "105"]
[EventDate "2017.08.??"]

1. e4 c6 2. d4 d5 3. Nc3 dxe4 4. Nxe4 Bf5 5. Ng3 Bg6 6. Nf3 Nf6 7. Bd3 Bxd3 8.
Qxd3 Nbd7 9. O-O e6 10. c4 Bd6 11. Re1 O-O 12. Bd2 Re8 13. Bc3 Qc7 14. Rad1 e5
15. dxe5 Nxe5 16. Qxd6 Qxd6 17. Rxd6 Nxf3+ 18. gxf3 Rxe1+ 19. Bxe1 Re8 20. Bc3
Re6 21. Rxe6 fxe6 22. Ne4 Nxe4 23. fxe4 a6 24. Kf1 g6 25. Ke2 Kf7 26. Ke3 Ke7
27. e5 b6 28. Ke4 c5 29. b4 cxb4 30. Bxb4+ Kd7 31. c5 bxc5 32. Bxc5 Ke8 33. f4
h6 34. Be3 h5 35. Kd4 Kd7 36. Kc5 Kc7 37. Bd2 Kd7 38. Ba5 Kc8 39. Kd6 Kb7 40.
Kxe6 Kc6 41. Kf7 Kb5 42. e6 Kxa5 43. e7 g5 44. fxg5 h4 45. e8=Q h3 46. Qe5+ Ka4
47. Qd4+ Ka3 48. Qc5+ Ka4 49. Qc4+ Ka5 50. Qxa6+ Kb4 51. Qd3 Ka5 52. Qb1 Ka4
53. Ke6 1-0

[Event "ONJK 2017 D"]
[Site "Borne"]
[Date "2017.08.11"]
[Round "11.4"]
[White "Bogouslavskii, Veronique"]
[Black "De Vries, Fabian"]
[Result "0-1"]
[WhiteElo "1111"]
[BlackElo "1454"]
[PlyCount "48"]
[EventDate "2017.08.??"]

1. d4 e6 2. c4 d5 3. Nc3 f5 4. e3 Nf6 5. Nf3 c6 6. Bd3 Bd6 7. Qc2 O-O 8. O-O
Ne4 9. Re1 Nd7 10. a3 g5 11. Nd2 g4 12. c5 Bc7 13. b4 Qh4 14. g3 Qh3 15. Bf1
Qh5 16. Bd3 Rf6 17. Nf1 Ng5 18. Be2 e5 19. Nb1 e4 20. Nbd2 Nf3+ 21. Nxf3 gxf3
22. Bd1 Qh3 23. Bxf3 exf3 24. Nd2 Qg2# 0-1

[Event "ONJK 2017 D"]
[Site "Borne"]
[Date "2017.08.11"]
[Round "11.5"]
[White "Naessens, Wolf"]
[Black "Muntean, Felix"]
[Result "1-0"]
[WhiteElo "1453"]
[BlackElo "1335"]
[PlyCount "87"]
[EventDate "2017.08.??"]

1. e4 e5 2. Nf3 Nc6 3. Bc4 Nf6 4. d3 Bc5 5. Bg5 d6 6. h3 O-O 7. Nc3 Be6 8. Bd5
Qe7 9. O-O Nd4 10. Bb3 c6 11. Kh1 Bxb3 12. axb3 Qe6 13. Be3 Rad8 14. Na4 Bb6
15. Nxb6 axb6 16. Bxd4 exd4 17. Nxd4 Qe5 18. c3 c5 19. Nf3 Qe6 20. Ng5 Qe5 21.
f4 Qe7 22. Nf3 Nh5 23. Rf2 Nxf4 24. Qf1 d5 25. Nd2 Nh5 26. Qe1 dxe4 27. dxe4
Rfe8 28. Re2 Nf4 29. Re3 Nd3 30. Qe2 Nxb2 31. Rb1 Nd3 32. Rxd3 Rxd3 33. Qxd3
Rd8 34. Qe2 Qe5 35. Rc1 f5 36. Qc4+ Kh8 37. Nf3 Qf4 38. Re1 Re8 39. Qf7 Rg8 40.
Qxf5 Qd6 41. Ne5 g6 42. Nf7+ Kg7 43. Nxd6 gxf5 44. Nxf5+ 1-0

[Event "ONJK 2017 D"]
[Site "Borne"]
[Date "2017.11.08"]
[Round "11.6"]
[White "Slagboom, Leandro"]
[Black "Debunne, Tibe"]
[Result "1-0"]
[WhiteElo "1308"]
[BlackElo "1438"]
[PlyCount "41"]
[EventDate "2017.08.??"]

1. d4 f5 2. c4 e6 3. Nc3 Nf6 4. Nf3 Be7 5. g3 O-O 6. Bg2 d6 7. O-O Nbd7 8. Re1
Qe8 9. Qc2 Qh5 10. a3 a5 11. Nb5 Bd8 12. Bd2 g5 13. Bxg5 e5 14. dxe5 Nxe5 15.
Bxf6 Bxf6 16. Nxc7 Rb8 17. Nd5 Nxf3+ 18. exf3 Bd8 19. Ne7+ Bxe7 20. Rxe7 Kh8
21. Qc3+ 1-0

[Event "ONJK 2017 D"]
[Site "Borne"]
[Date "2017.11.08"]
[Round "11.7"]
[White "Arnold, Lorin"]
[Black "Velasco, Kathleen"]
[Result "1/2-1/2"]
[WhiteElo "1377"]
[BlackElo "1232"]
[PlyCount "74"]
[EventDate "2017.08.??"]

1. e4 e5 2. Nf3 Nc6 3. Bc4 Bc5 4. b4 Bxb4 5. c3 Bc5 6. d4 exd4 7. cxd4 Bb6 8.
Bg5 Nge7 9. Nc3 d6 10. O-O O-O 11. Bh4 Bg4 12. a3 Bxd4 13. Qd3 Bxf3 14. Qxf3
Qd7 15. Qg3 Ng6 16. Bg5 Bxc3 17. Qxc3 Qg4 18. f4 h6 19. Bxh6 gxh6 20. Rf3 Nce7
21. f5 Qxe4 22. fxg6 Nxg6 23. Rg3 Kh7 24. Bd3 Qe5 25. Bxg6+ fxg6 26. Qxc7+ Qg7
27. Qc1 Rac8 28. Qb1 Rf7 29. Ra2 Rcf8 30. Re2 Rf6 31. Re1 Qc7 32. h4 d5 33. h5
Qf7 34. hxg6+ Rxg6 35. Rxg6 Qf2+ 36. Kh1 Qh4+ 37. Kg1 Qf2+ 1/2-1/2

[Event "ONJK 2017 D"]
[Site "Borne"]
[Date "2017.11.08"]
[Round "11.8"]
[White "Sannen, Jette"]
[Black "Honkoop, Stella"]
[Result "0-1"]
[WhiteElo "740"]
[BlackElo "1402"]
[PlyCount "58"]
[EventDate "2017.08.??"]

1. e4 d6 2. d4 Nf6 3. Bd3 Nbd7 4. Nf3 e5 5. c3 Be7 6. O-O c6 7. Be3 Qc7 8. Nbd2
h6 9. Qc2 g5 10. Kh1 Nf8 11. Ng1 Ng6 12. g3 g4 13. f3 h5 14. Rf2 h4 15. Ne2
gxf3 16. Nxf3 Ng4 17. Qd2 Nxf2+ 18. Bxf2 Qd8 19. Be3 Bg4 20. Kg2 hxg3 21. hxg3
Bxf3+ 22. Kxf3 Qd7 23. Kf2 Rh2+ 24. Ke1 Rh1+ 25. Ng1 Qg4 26. Be2 Qxg3+ 27. Bf2
Rxg1+ 28. Bf1 Qg4 29. Bxg1 Qxg1 0-1

[Event "ONJK 2017 D"]
[Site "Borne"]
[Date "2017.11.08"]
[Round "11.9"]
[White "Goudriaan, Rafael"]
[Black "De Putter, Sven"]
[Result "0-1"]
[WhiteElo "1091"]
[BlackElo "1228"]
[PlyCount "72"]
[EventDate "2017.08.??"]

1. h3 e5 2. e4 Nf6 3. Nc3 Bc5 4. Bc4 c6 5. Nf3 d5 6. exd5 e4 7. Ng1 cxd5 8. Bb3
Bf5 9. Nge2 O-O 10. d3 Bb4 11. d4 Nc6 12. Bg5 Qd7 13. Bxf6 gxf6 14. Ba4 Kh8 15.
a3 Bxc3+ 16. bxc3 Rg8 17. Ng3 Rg7 18. Qh5 Be6 19. Qh4 Rg6 20. O-O Rag8 21. Rae1
a6 22. Bxc6 Qxc6 23. Re3 b5 24. Qh5 Qd7 25. Kh1 R8g7 26. Qh4 Qd6 27. Rg1 f5 28.
Nh5 Rh6 29. Rg3 Rxg3 30. Qxg3 Qxg3 31. Nxg3 f4 32. Ne2 f3 33. gxf3 Rxh3+ 34.
Kg2 exf3+ 35. Kf1 fxe2+ 36. Kxe2 Rxc3 0-1

[Event "ONJK 2017 D"]
[Site "Borne"]
[Date "2017.11.08"]
[Round "11.10"]
[White "Ang, Rufus"]
[Black "Malfliet, Alexander"]
[Result "1-0"]
[WhiteElo "1009"]
[BlackElo "1445"]
[PlyCount "43"]
[EventDate "2017.08.??"]

1. d4 d5 2. c4 e6 3. Nc3 Nf6 4. Bg5 Be7 5. Nf3 Nc6 6. e3 Bd7 7. Be2 dxc4 8.
Bxc4 O-O 9. O-O h6 10. Bf4 Re8 11. h3 Bd6 12. Be5 Na5 13. Bd3 Bxe5 14. Nxe5 Bc6
15. b4 b6 16. bxa5 bxa5 17. Nxc6 Qd6 18. Nxa5 Qb4 19. Nc4 Qxc3 20. Qc2 Qb4 21.
Qb3 Qe7 22. Rab1 1-0

[Event "ONJK 2017 D"]
[Site "Borne"]
[Date "2017.11.08"]
[Round "11.11"]
[White "De Jong, Mats"]
[Black "Den Heijer, Rolinde"]
[Result "0-1"]
[WhiteElo "979"]
[BlackElo "1222"]
[PlyCount "49"]
[EventDate "2017.08.??"]

1. d4 d5 2. c4 c6 3. Nc3 Nf6 4. Nf3 g6 5. Bf4 Bg7 6. Qd2 O-O 7. Bh6 Bg4 8. Bxg7
Kxg7 9. Ne5 Bf5 10. e3 Nbd7 11. Nxd7 Qxd7 12. Be2 Rac8 13. b4 b6 14. c5 Qc7 15.
O-O Rfe8 16. f4 Bg4 17. Bxg4 Nxg4 18. h3 Nf6 19. Nd1 Ne4 20. Qe1 Qd7 21. Nf2
Nf6 22. Nd3 Qf5 23. Qe2 Ne4 24. Nf2 Ng3 25. Rac1 0-1

[Event "ONJK 2017 D"]
[Site "Borne"]
[Date "2017.11.08"]
[Round "11.12"]
[White "Knol, Daniel"]
[Black "Zheng, Jimmy"]
[Result "0-1"]
[WhiteElo "1008"]
[BlackElo "1157"]
[PlyCount "86"]
[EventDate "2017.08.??"]

1. e4 e5 2. Nf3 Nc6 3. Bc4 Bc5 4. Nc3 Nf6 5. d3 h6 6. O-O O-O 7. h3 d6 8. Be3
Bb6 9. d4 exd4 10. Bxd4 Nxd4 11. Nxd4 Re8 12. Re1 Ba5 13. f3 Bb6 14. Na4 Ba5
15. c3 c6 16. a3 b5 17. Nxc6 Qc7 18. Bxb5 a6 19. Nxa5 axb5 20. Nb3 bxa4 21. Nd4
Be6 22. Nb5 Qb6+ 23. Nd4 Qxb2 24. Nxe6 Rxe6 25. Qc1 Qb3 26. Re3 Rc8 27. Rb1 Qc4
28. Rb4 Qa6 29. Qc2 Nd5 30. Rxa4 Nxe3 31. Rxa6 Nxc2 32. a4 d5 33. Ra5 dxe4 34.
fxe4 Rxe4 35. Ra7 g6 36. a5 Ra4 37. a6 Kg7 38. c4 Nb4 39. Kf2 Rxc4 40. Ke3 Rxa6
41. Rb7 Ra3+ 42. Kd2 Rc2+ 43. Ke1 Ra1# 0-1

[Event "ONJK 2017 D"]
[Site "Borne"]
[Date "2017.11.08"]
[Round "11.13"]
[White "Salomons, Matthijs"]
[Black "Maes, Zayd"]
[Result "0-1"]
[WhiteElo "1120"]
[BlackElo "759"]
[PlyCount "72"]
[EventDate "2017.08.??"]

1. d4 Nf6 2. c4 e6 3. Nc3 d5 4. e3 Bb4 5. Bd2 Nc6 6. a3 Bxc3 7. Bxc3 Bd7 8. Nf3
O-O 9. Bd3 dxc4 10. Bxc4 a6 11. Qc2 Qe7 12. O-O b5 13. Bd3 h6 14. Ne5 Nxe5 15.
dxe5 Nd5 16. Be4 Rac8 17. Bxd5 exd5 18. Bb4 c5 19. Bc3 b4 20. axb4 cxb4 21.
Rxa6 bxc3 22. bxc3 Qxe5 23. Ra3 d4 24. Rd1 Qc5 25. Ra4 Bxa4 26. Qxa4 dxc3 27.
Rc1 c2 28. Kf1 Qc4+ 29. Qxc4 Rxc4 30. Ke2 Rd8 31. f4 Rb8 32. Kd2 Rb1 33. Rxc2
Rxc2+ 34. Kxc2 Rh1 35. h3 Rh2 36. Kd3 Rxg2 0-1

[Event "ONJK 2017 D"]
[Site "Borne"]
[Date "2017.11.08"]
[Round "11.14"]
[White "Van der Noordaa, Joost"]
[Black "Westerhof, Jannes"]
[Result "0-1"]
[WhiteElo "951"]
[BlackElo "1085"]
[PlyCount "42"]
[EventDate "2017.08.??"]

1. c4 Nf6 2. Nc3 e6 3. d4 Bb4 4. Bd2 O-O 5. a3 Be7 6. e3 d5 7. Bd3 Nc6 8. Nf3
Bd7 9. Qb3 Na5 10. Qa2 dxc4 11. Bxc4 Nxc4 12. Qxc4 a6 13. Qb3 Bc6 14. Qd1 Ne4
15. Nxe4 Bxe4 16. O-O Qd5 17. Ne1 Bd6 18. f3 Bg6 19. Nc2 Qh5 20. f4 Qxd1 21.
Raxd1 Bxc2 0-1

[Event "ONJK 2017 D"]
[Site "Borne"]
[Date "2017.11.08"]
[Round "11.15"]
[White "Van der Noordaa, Niek"]
[Black "Molanus, Florian"]
[Result "0-1"]
[WhiteElo "759"]
[BlackElo "1034"]
[PlyCount "112"]
[EventDate "2017.08.??"]

1. e4 e5 2. Nf3 Nc6 3. d3 Nf6 4. Nbd2 Bc5 5. c4 d6 6. h3 O-O 7. Be2 Be6 8. Qb3
b6 9. Ng5 h6 10. Nxe6 fxe6 11. O-O Nd4 12. Qd1 d5 13. b3 c6 14. Bb2 dxe4 15.
dxe4 Nxe2+ 16. Qxe2 Bd4 17. Bxd4 exd4 18. e5 Nd7 19. Nf3 Nb8 20. b4 c5 21. b5
Qd7 22. Qe4 Na6 23. bxa6 Qa4 24. Qg4 Qxc4 25. Nh4 Rae8 26. Ng6 Rf7 27. Nf4 d3
28. g3 Rfe7 29. Rfd1 Qxa6 30. Nh5 Kh8 31. Nf4 c4 32. Ng6+ Kh7 33. Nxe7 Rxe7 34.
Rac1 Rc7 35. Qxe6 Qxa2 36. Qf5+ Kg8 37. Qf4 (37. Rxd3 {1-0}) 37... Rf7 38. Qd2
Qxd2 39. Rxd2 {Diagram #} b5 40. Kf1 Re7 41. f4 Kf7 42. Kf2 Ke6 43. Ke3 Kd5 44.
g4 g5 45. fxg5 Rxe5+ 46. Kf3 hxg5 47. Kf2 Kd4 48. Rb1 a6 49. Kf3 Re3+ 50. Kg2
Re2+ 51. Rxe2 dxe2 52. Kf2 Kd3 53. Rb2 c3 54. Rxe2 c2 55. Re3+ Kc4 56. Re1 b4
0-1